logo

Bir Sreshtho Munshi Abdur Rouf Library
Jhenaidah Cadet College

Basic Book of Planting and Gardening / (Record no. 5347)

MARC details
000 -LEADER
fixed length control field 00584nam a2200229 a 4500
001 - CONTROL NUMBER
JCCL Control Number 5347
003 - CONTROL NUMBER IDENTIFIER
JCCL marc code BD-JhCC
005 - DATE AND TIME OF LATEST TRANSACTION
control field 20180421185313.0
008 - FIXED-LENGTH DATA ELEMENTS--GENERAL INFORMATION
fixed length control field 171213s1980 b a|||| || | 001 0 eng d
035 ## - SYSTEM CONTROL NUMBER
system control number (BD-JhCC)5347
040 ## - CATALOGING SOURCE
Original cataloging agency BD-JhCC
Modifying agency BD-JhCC
041 ## - LANGUAGE CODE
Language code of Book eng
082 ## - DEWEY DECIMAL CLASSIFICATION NUMBER
Classification number 635
Author mark and Year MAN 1980
100 ## - MAIN ENTRY--PERSONAL NAME
Personal name Maniruzzaman, F M
245 ## - TITLE STATEMENT
Title Basic Book of Planting and Gardening /
Statement of responsibility, etc F M Maniruzzaman,
260 ## - PUBLICATION, DISTRIBUTION, ETC. (IMPRINT)
Place of publication, distribution, etc Dacca :
Name of publisher, distributor, etc F. M. Fazlul Hoque,
Date of publication, distribution, etc 1980.
300 ## - PHYSICAL DESCRIPTION
Pagination 272 p. :
Dimensions 22 cm.
504 ## - BIBLIOGRAPHY, ETC. NOTE
Bibliography, etc Includes index
650 ## - SUBJECT ADDED ENTRY--TOPICAL TERM
Topical term or geographic name as entry element Gardening
942 ## - ADDED ENTRY ELEMENTS (KOHA)
Source of classification or shelving scheme Dewey Decimal Classification
Koha item type Books
Holdings
Source of classification or shelving scheme Damaged status Not for loan Home library Current library Shelving location Date of accession Total Checkouts Full call number Barcode Date last seen Copy number Koha item type Date checked out
Dewey Decimal Classification     JCC Rouf Library JCC Rouf Library General Stacks 12/13/2017   635 MAN 1980 7428 12/13/2017 C-1 Books  
Dewey Decimal Classification     JCC Rouf Library JCC Rouf Library   04/21/2018 1 635 MAN 1980 9151 06/05/2024 C-2 Books 06/03/2024

JCC Library | Contacts | JCC Home

Last Update on 23 September 2017
Copyright @ 2017-2020 JCC Rouf Library
Rouf Library, Jhenidah Cadet College (JCC), Bangladesh